Statistiken für Abiturnoten

Klicken Sie hier um das Quiz zu spielen!

Allgemein

  • Dieses Quiz wurde 82 mal gespielt
  • Das Durchschnittsergebnis liegt bei 5 aus 9

Antwortstatistiken

PunktzahlAbiturnote% Korrekt
9001.0
98%
3004.0
87%
7501.5
56%
6002.3
56%
8001.2
54%
4503.1
43%
7001.7
37%
4003.4
35%
5002.8
28%

Verteilung der Resultate

Perzentil nach korrekt beantworteten Fragen

Anzahl Personen mit jedem Resultat

Ihre Resultats-Entwicklung

Sie haben dieses Quiz noch nicht gespielt